Fluffy's school bus adventure / (Record no. 7303)

MARC details
000 -LEADER
fixed length control field 01028nam a22003137a 4500
001 - CONTROL NUMBER
control field 7303
003 - CONTROL NUMBER IDENTIFIER
control field FISKH
005 - DATE AND TIME OF LATEST TRANSACTION
control field 20250709085549.0
008 - FIXED-LENGTH DATA ELEMENTS--GENERAL INFORMATION
fixed length control field 250709b cb ||||| |||| 00| 0 eng d
020 ## - INTERNATIONAL STANDARD BOOK NUMBER
International Standard Book Number 9780439206716
040 ## - CATALOGING SOURCE
Original cataloging agency FISKH
Language of cataloging eng
Transcribing agency FISKH
Modifying agency FISKH
050 ## - LIBRARY OF CONGRESS CALL NUMBER
Classification number PZ7.M47879 F
082 ## - DEWEY DECIMAL CLASSIFICATION NUMBER
Classification number 813.54
100 ## - MAIN ENTRY--PERSONAL NAME
Personal name McMullan, Kate
Dates associated with a name (1947-)
245 ## - TITLE STATEMENT
Title Fluffy's school bus adventure /
Statement of responsibility, etc. By Kate McMullan ; Illustrated by Mavis Smith
250 ## - EDITION STATEMENT
Edition statement This edition first published in 2000
260 ## - PUBLICATION, DISTRIBUTION, ETC.
Place of publication, distribution, etc. New York :
Name of publisher, distributor, etc. Scholastic,
Date of publication, distribution, etc. 2000
300 ## - PHYSICAL DESCRIPTION
Extent 37 unnumbered pages :
Other physical details color illustrations ;
Dimensions 23 cm
490 ## - SERIES STATEMENT
Series statement Scholastic reader
Volume/sequential designation Level 3
505 ## - FORMATTED CONTENTS NOTE
Formatted contents note J<br/>
520 ## - SUMMARY, ETC.
Summary, etc. When Fluffy the guinea pig is accidentally put on the wrong school bus, he ends up having a wonderful time.<br/>
521 8# - TARGET AUDIENCE NOTE
Target audience note 460<br/><br/>
Source Lexile<br/>
521 8# - TARGET AUDIENCE NOTE
Target audience note J<br/>
Source Raz-Plus<br/>
650 ## - SUBJECT ADDED ENTRY--TOPICAL TERM
Source of heading or term Animal characters
Topical term or geographic name entry element Quinea pig
650 ## - SUBJECT ADDED ENTRY--TOPICAL TERM
Source of heading or term School stories
Topical term or geographic name entry element Hampster
700 ## - ADDED ENTRY--PERSONAL NAME
Personal name Smith, Mavis
Dates associated with a name illustrator
942 ## - ADDED ENTRY ELEMENTS (KOHA)
Source of classification or shelving scheme Dewey Decimal Classification
Koha item type Books
Suppress in OPAC No
Holdings
Withdrawn status Lost status Source of classification or shelving scheme Damaged status Not for loan Collection Home library Current library Shelving location Date acquired Total Checkouts Full call number Barcode Date last seen Copy number Price effective from Koha item type
    Dewey Decimal Classification     Juvenile Fiction Footprints International School Library Network Toul Tom Poung Campus Footprints International School Library Network Toul Tom Poung Campus TTP Primary Dark Blue Bookshelves 07/09/2025   MCM 813.54 PZ7.M47879 F FISBK02792 07/09/2025 1 07/09/2025 Books